000 00881nam a2200205 a 4500
003 0
005 20250617152443.0
008 021115s19uu xx 00 eng d
050 _aPGS HD 2346.P6
_b.D231 1999
100 _aDaswani, Lee Ryan R.
245 _aThe effect of the recent economic crisis to small scale business in the Parañaque - Las Piñas area /
_cDaswani, Lee Ryan R.
260 _aLas Piñas City, Philippines :
_bSouthville International School and Colleges,
_c1999.
300 _a36 pages :
_bcolored illustrations ;
_c28 cm.
504 _aIncludes bibliographical references.
650 _aSmall business
_zPhilippines
_zParañaque (Metro Manila).
650 _aSmall business
_zPhilippines
_zLas Piñas (Metro Manila).
650 _aFinancial crises
_zPhilippines.
650 _aBusiness enterprises
_zEconomic conditions
_zPhilippines.
942 _2lcc
_cPASS
999 _c96181
_d96181